000 00461nam a2200169Ia 4500
999 _c185
_d185
003 OSt
005 20210913143049.0
008 190216s9999||||xx |||||||||||||| ||und||
040 _coclc
082 _a297
_bALA/S
100 _aAl Akkad, Abha Mahmud
_98841
245 0 _aAl Shuyuiyyah Wal Islam /
_cAbha Mahmud Al Akkad
260 _bAd Dau Ul Sulfiyya,
300 _a215p
650 _aArabic
942 _cBK
_2ddc
_h297
_iALA/S
_k297
_mALA/S